00535nam a22001812 4500001001100000005001700011008004100028020001700069040001500086100003900101245008100140250001200221260003200233300001000265650004200275700003300317852000300350000002374120151217152248.0130320s xx 000 0 eng d a1591280538 : aKABUcKABU1 aHitchens, Christopher.@000014546010aIs christianity good for the world? /cChristopher Hitchens, Douglas Wilson. a1st ed. aMoscow :bCanopress,c2008. a67 p. 0aChristianity and atheism.@00001834321 aWilson, Douglas.@00001834331